[Event "2nd Irena Warakomska Memorial-A"]
[Site "Suwalki"]
[Date "2018.08.01"]
[Round "1"]
[White "Harshini, A."]
[Black "Lewtak, Damian"]
[Result "1/2-1/2"]
[WhiteElo "2124"]
[BlackElo "2369"]
[Annotator "NA"]
[PlyCount "90"]
[EventDate "2018.08.01"]
[EventType "swiss"]
[EventCountry "POL"]
[SourceTitle "playchess.com"]
[Source "ChessBase"]
[SourceQuality "1"]
[TimeControl "40/5400+30:1800+30"]

1. e4 {[%emt 0:00:00]} e6 {[%emt 0:00:00]} 2. d4 {[%emt 0:00:00]} d5 {[%emt 0:00:00]} 3. Nc3 {[%emt 0:00:00]} Nf6 {[%emt 0:02:37]} 4. Bg5 {[%emt 0:00:07]} Bb4 {[%emt 0:04:28]} 5. e5 {[%emt 0:06:42]} h6 {[%emt 0:00:10]} 6. Bd2 {[%emt 0:00:07]} Bxc3 {[%emt 0:02:04]} 7. Bxc3 {[%emt 0:00:58]} Ne4 {[%emt 0:00:08]} 8. Bd3 {[%emt 0:00:28]} Nxc3 {[%emt 0:01:00]} 9. bxc3 {[%emt 0:00:05]} c5 {[%emt 0:01:02]} 10. Nf3 {[%emt 0:00:40]} Nc6 {[%emt 0:02:38]} 11. O-O {[%emt 0:00:43]} Qa5 {[%emt 0:03:30]} 12. Qe1 {[%emt 0:06:00]} Bd7 {[%emt 0:07:20]} 13. c4 {[%emt 0:08:46]} dxc4 {[%emt 0:03:30]} 14. Bxc4 {[%emt 0:01:22]} cxd4 {[%emt 0:02:37]} 15. Qxa5 {[%emt 0:01:36]} Nxa5 {[%emt 0:00:06]} 16. Bb3 {[%emt 0:05:56]} Nc6 {[%emt 0:06:27]} 17. Rad1 {[%emt 0:00:44]} O-O-O {[%emt 0:06:40]} 18. Rfe1 {[%emt 0:01:04]} Kc7 {[%emt 0:02:32]} 19. Nxd4 {[%emt 0:01:51]} Nxd4 {[%emt 0:00:53]} 20. Rxd4 {[%emt 0:00:07]} Bc6 {[%emt 0:00:43]} 21. Red1 {[%emt 0:14:54]} a5 {[%emt 0:05:26]} 22. f3 {[%emt 0:04:12]} b5 {[%emt 0:11:15]} 23. Rxd8 {[%emt 0:04:37]} Rxd8 {[%emt 0:00:07]} 24. Rxd8 {[%emt 0:00:12]} Kxd8 {[%emt 0:00:05]} 25. a3 {[%emt 0:05:12]} a4 {[%emt 0:07:38]} 26. Ba2 {[%emt 0:00:06]} Bd5 {[%emt 0:00:19]} 27. Bb1 {[%emt 0:08:16]} b4 {[%emt 0:00:06]} 28. axb4 {[%emt 0:00:16]} a3 {[%emt 0:00:09]} 29. Kf2 {[%emt 0:00:04]} a2 {[%emt 0:00:04]} 30. Bxa2 {[%emt 0:00:03]} Bxa2 {[%emt 0:00:08]} 31. Ke3 {[%emt 0:00:04]} Kc7 {[%emt 0:01:53]} 32. Kd4 {[%emt 0:00:02]} Kb6 {[%emt 0:01:32]} 33. c4 {[%emt 0:00:21]} Bb3 {[%emt 0:02:51]} 34. f4 {[%emt 0:10:23]} Bd1 {[%emt 0:03:38]} 35. Ke3 {[%emt 0:02:02]} f6 {[%emt 0:00:35]} 36. g3 {[%emt 0:00:29]} fxe5 {[%emt 0:03:04]} 37. fxe5 {[%emt 0:00:02]} Kc6 {[%emt 0:00:20]} 38. Kd2 {[%emt 0:01:39]} Bg4 {[%emt 0:00:37]} 39. Ke3 {[%emt 0:00:15]} Bh3 {[%emt 0:00:26]} 40. Kf2 {[%emt 0:00:00]} Kd7 {[%emt 0:00:00]} 41. Ke3 {[%emt 0:03:35]} Bf1 {[%emt 0:01:43]} 42. Kd4 {[%emt 0:00:06]} Ke7 43. Kc5 Kf7 44. b5 Ke7 45. Kb4 Kd8 1/2-1/2

[Event "2nd Irena Warakomska Memorial-A"]
[Site "Suwalki"]
[Date "2018.08.01"]
[Round "1"]
[White "Walkusz, Witoslaw"]
[Black "Teclaf, Pawel"]
[Result "0-1"]
[WhiteElo "2121"]
[BlackElo "2362"]
[Annotator "NA"]
[PlyCount "66"]
[EventDate "2018.08.01"]
[EventType "swiss"]
[EventCountry "POL"]
[SourceTitle "playchess.com"]
[Source "ChessBase"]
[SourceQuality "1"]
[TimeControl "40/5400+30:1800+30"]

1. e4 c6 2. d4 d5 3. exd5 cxd5 4. Bd3 Nc6 5. c3 Qc7 6. h3 e6 7. Nf3 Bd6 8. O-O Nge7 9. Re1 Ng6 10. Nbd2 f6 11. Nf1 O-O 12. Qc2 Qf7 13. a3 e5 14. Bb5 e4 15. N3h2 f5 16. f3 Be6 17. Rd1 a6 18. Bxc6 bxc6 19. b4 Qc7 20. Bd2 f4 21. fxe4 dxe4 22. Qxe4 Bd5 23. Qd3 f3 24. c4 fxg2 25. cxd5 gxf1=Q+ 26. Nxf1 Qf7 27. Qe2 Rae8 28. Be3 Nf4 29. Qg4 h5 30. Bxf4 hxg4 31. Bxd6 Qf2+ 32. Kh1 Re2 33. Ne3 Qf3+ 0-1

[Event "2nd Irena Warakomska Memorial-A"]
[Site "Suwalki"]
[Date "2018.08.01"]
[Round "1"]
[White "Tarun, V Kanth"]
[Black "Punin, Andrii"]
[Result "1/2-1/2"]
[WhiteElo "2102"]
[BlackElo "2339"]
[Annotator "NA"]
[PlyCount "49"]
[EventDate "2018.08.01"]
[EventType "swiss"]
[EventCountry "POL"]
[SourceTitle "playchess.com"]
[Source "ChessBase"]
[SourceQuality "1"]
[TimeControl "40/5400+30:1800+30"]

1. d4 {[%emt 0:00:17]} Nf6 {[%emt 0:00:00]} 2. c4 {[%emt 0:00:16]} e6 {[%emt 0:00:00]} 3. Nc3 {[%emt 0:00:08]} Bb4 {[%emt 0:00:00]} 4. f3 {[%emt 0:00:06]} c5 {[%emt 0:00:00]} 5. d5 {[%emt 0:00:55]} b5 {[%emt 0:00:01]} 6. e4 {[%emt 0:00:13]} O-O {[%emt 0:00:07]} 7. e5 {[%emt 0:00:18]} Ne8 {[%emt 0:00:47]} 8. f4 {[%emt 0:00:49]} exd5 {[%emt 0:01:22]} 9. cxd5 {[%emt 0:01:45]} d6 {[%emt 0:00:10]} 10. Nf3 {[%emt 0:05:10]} c4 {[%emt 0:00:20]} 11. a4 {[%emt 0:00:49]} Nd7 {[%emt 0:00:28]} 12. Be2 {[%emt 0:05:54]} Qb6 {[%emt 0:02:35]} 13. axb5 {[%emt 0:00:29]} Nc7 {[%emt 0:00:49]} 14. Qd4 {[%emt 0:02:15]} Qxd4 {[%emt 0:00:18]} 15. Nxd4 {[%emt 0:00:08]} dxe5 {[%emt 0:00:11]} 16. Nc6 {[%emt 0:31:11]} Nxd5 {[%emt 0:02:50]} 17. Bf3 {[%emt 0:05:00]} e4 {[%emt 0:15:20]} 18. Nxb4 {[%emt 0:00:22]} Nxc3 {[%emt 0:00:09]} 19. bxc3 {[%emt 0:00:42]} exf3 {[%emt 0:00:06]} 20. gxf3 {[%emt 0:00:05]} a5 {[%emt 0:14:34]} 21. bxa6 {[%emt 0:05:54]} Nc5 {[%emt 0:00:49]} 22. Be3 {[%emt 0:00:49]} Nxa6 {[%emt 0:00:40]} 23. Nxa6 {[%emt 0:02:25]} Rxa6 {[%emt 0:00:07]} 24. Rxa6 {[%emt 0:00:14]} Bxa6 {[%emt 0:00:05]} 25. Kf2 {[%emt 0:00:35]} 1/2-1/2

[Event "2nd Irena Warakomska Memorial-A"]
[Site "Suwalki"]
[Date "2018.08.01"]
[Round "1"]
[White "Maj, Pawel"]
[Black "Goluch, Piotr"]
[Result "1/2-1/2"]
[WhiteElo "2071"]
[BlackElo "2301"]
[Annotator "NA"]
[PlyCount "83"]
[EventDate "2018.08.01"]
[EventType "swiss"]
[EventCountry "POL"]
[SourceTitle "playchess.com"]
[Source "ChessBase"]
[SourceQuality "1"]
[TimeControl "40/5400+30:1800+30"]

1. d4 {[%emt 0:00:00]} Nf6 {[%emt 0:00:02]} 2. Bg5 {[%emt 0:00:00]} Ne4 {[%emt 0:01:05]} 3. Bf4 {[%emt 0:00:00]} d5 {[%emt 0:01:17]} 4. e3 {[%emt 0:00:00]} c5 {[%emt 0:00:42]} 5. Bd3 {[%emt 0:05:00]} cxd4 {[%emt 0:00:51]} 6. Bxe4 {[%emt 0:01:56]} dxe4 {[%emt 0:00:04]} 7. Qxd4 {[%emt 0:00:23]} Qa5+ {[%emt 0:05:53]} 8. Nc3 {[%emt 0:11:01]} Nc6 {[%emt 0:00:05]} 9. Qxe4 {[%emt 0:04:52]} Bf5 {[%emt 0:00:31]} 10. Qd5 {[%emt 0:03:43]} Qxd5 {[%emt 0:00:07]} 11. Nxd5 {[%emt 0:00:06]} O-O-O {[%emt 0:00:12]} 12. Nc3 {[%emt 0:08:07]} e5 {[%emt 0:00:17]} 13. Bg5 {[%emt 0:03:13]} f6 {[%emt 0:06:43]} 14. e4 {[%emt 0:03:33]} fxg5 {[%emt 0:12:04]} 15. exf5 {[%emt 0:01:07]} Bb4 {[%emt 0:00:10]} 16. Nge2 {[%emt 0:02:38]} Rhf8 {[%emt 0:01:23]} 17. a3 {[%emt 0:06:13]} Ba5 {[%emt 0:02:47]} 18. b4 {[%emt 0:02:00]} Bb6 {[%emt 0:00:05]} 19. Ne4 {[%emt 0:04:22]} Rxf5 {[%emt 0:01:47]} 20. c3 {[%emt 0:01:49]} g4 {[%emt 0:03:45]} 21. Rd1 {[%emt 0:02:08]} Rxd1+ {[%emt 0:00:06]} 22. Kxd1 {[%emt 0:00:04]} Kd7 {[%emt 0:00:56]} 23. h3 {[%emt 0:03:35]} gxh3 {[%emt 0:00:06]} 24. Rxh3 {[%emt 0:00:06]} h6 {[%emt 0:00:07]} 25. Ke1 {[%emt 0:04:29]} Ke6 {[%emt 0:03:13]} 26. Rd3 {[%emt 0:07:17]} Rf7 {[%emt 0:00:06]} 27. Rd6+ {[%emt 0:01:54]} Ke7 {[%emt 0:00:05]} 28. f3 {[%emt 0:01:08]} Bc7 {[%emt 0:04:07]} 29. Rg6 {[%emt 0:02:02]} Kf8 {[%emt 0:04:24]} 30. Nc5 {[%emt 0:04:16]} Nd8 {[%emt 0:03:39]} 31. Ng3 {[%emt 0:01:32]} b6 {[%emt 0:06:59]} 32. Ne6+ {[%emt 0:02:18]} Nxe6 {[%emt 0:00:05]} 33. Rxe6 {[%emt 0:00:04]} Rd7 {[%emt 0:05:40]} 34. Rc6 {[%emt 0:00:22]} Bd8 {[%emt 0:04:24]} 35. Ke2 {[%emt 0:00:07]} Kf7 {[%emt 0:00:19]} 36. Ne4 {[%emt 0:00:42]} Be7 {[%emt 0:00:06]} 37. a4 {[%emt 0:01:28]} h5 {[%emt 0:03:11]} 38. b5 {[%emt 0:01:34]} g6 {[%emt 0:01:54]} 39. Nd2 {[%emt 0:01:12]} Bg5 {[%emt 0:04:01]} 40. Nc4 {[%emt 0:00:00]} Bf4 {[%emt 0:00:00]} 41. Nd6+ {[%emt 0:02:47]} Kg7 {[%emt 0:04:14]} 42. Ne4 {[%emt 0:00:43]} 1/2-1/2

[Event "2nd Irena Warakomska Memorial-A"]
[Site "Suwalki"]
[Date "2018.08.01"]
[Round "1"]
[White "Fiedorek, Michal"]
[Black "Szostko, Jakub"]
[Result "1/2-1/2"]
[WhiteElo "1970"]
[BlackElo "2299"]
[Annotator "TA"]
[PlyCount "105"]
[EventDate "2018.08.01"]
[EventType "swiss"]
[EventCountry "POL"]
[SourceTitle "playchess.com"]
[Source "ChessBase"]
[SourceQuality "1"]

{[%evp 22,105,26,36,22,6,57,68,63,18,20,20,20,20,20,25,20,10,27,25,22,19,47,50,52,39,76,10,58,27,29,21,29,0,0,0,0,-2,0,0,0,-4,0,-9,-8,-8,0,-7,-6,-6,-6,-29,-33,-39,-7,-34,-28,-33,-26,-27,-19,-19,-19,-27,-24,-29,-22,-34,-22,-24,-20,-39,-31,-45,0,-27,-23,-29,0,0,0,0,0,0,0,-2]} 1. e4 c5 2. Nf3 d6 3. d4 cxd4 4. Nxd4 Nf6 5. Nc3 a6 6. Be3 e5 7. Nf3 Be7 8. Bc4 O-O 9. O-O Nc6 10. Bb3 {B90: Sizilianisch (Najdorf-Variante, Abweichungen)} (10. Re1 Be6 11. Nd5 Bxd5 12. exd5 Nb8 13. a4 Nbd7 14. a5 Ng4 15. Bc1 f5 16. Bf1 Bf6 17. h3 Nh6 {1-0 (30) Karjakin,S (2760)-Ivanchuk,V (2729) Medias 2017}) 10... h6 11. Qe2 Be6 12. Rfd1 {LiveBook: 13 Partien. Weiß hat minimalen Vorteil.} b5 13. Nh4 Kh7 $146 (13... Qd7 $11) ({Vorgänger:} 13... Ng4 14. Nf5 Nxe3 15. fxe3 Bxb3 16. axb3 g6 17. Nxh6+ Kg7 {1-0 (72) Muhren,B (2295)-Buenermann,V (2304) Netherlands 2006}) 14. Nf5 $14 Na5 15. Qf3 Nxb3 16. axb3 b4 17. Nd5 ({Bitte nicht} 17. Nxe7 Bg4 $17) 17... Nxd5 18. exd5 Bxf5 19. Qxf5+ g6 20. Qd3 Qc7 21. c4 bxc3 22. bxc3 Qb7 23. c4 Rfb8 24. Rab1 ({Besser ist} 24. b4 $16) 24... Bg5 25. c5 Bxe3 26. Qxe3 dxc5 27. Qxc5 Rd8 28. d6 Qb5 29. Qc4 (29. Qe3 {is more complex.} Rac8 30. Rd3 Rd7 31. Rbd1 Qc5 32. Qf3) 29... Qxc4 30. bxc4 $11 {[%mdl 4096] [#] Endspiel zielt auf c5 ab. KTT-KTT} Rac8 31. Rbc1 Rc5 $1 32. Kf1 Kg7 33. d7 Kf6 34. Rd6+ Ke7 35. Rxa6 Rxd7 36. Ke2 Rd4 37. Ra7+ Kf6 38. Ra6+ Kg5 39. Ra4 h5 40. Rc3 h4 41. Rb4 f6 42. Ra4 Rc6 43. h3 Kf5 44. Rf3+ Ke6 45. Rc3 g5 46. Rb4 Kf5 47. Rf3+ Ke6 48. Rc3 f5 {[%cal Bf6f5,Bf5f4][%mdl 32]} 49. f3 f4 50. Ra4 {Die Stellung ist ausgeglichen.} Kf5 51. Rb4 Rc5 52. Ra4 Rc6 53. Rb4 {Precision: Weiß = 55%, Schwarz = 62%.} 1/2-1/2

[Event "2nd Irena Warakomska Memorial-A"]
[Site "Suwalki"]
[Date "2018.08.02"]
[Round "2"]
[White "Tomczak, Jacek"]
[Black "Grinev, Valeriy"]
[Result "1-0"]
[WhiteElo "2596"]
[BlackElo "2416"]
[Annotator "TA"]
[PlyCount "53"]
[EventDate "2018.08.01"]
[EventType "swiss"]
[EventCountry "POL"]
[SourceTitle "playchess.com"]
[Source "ChessBase"]
[SourceQuality "1"]

{[%evp 11,53,35,46,0,8,-35,47,52,59,44,37,34,85,73,94,86,93,89,81,-27,37,38,83,90,92,86,81,71,147,137,137,158,200,206,334,351,327,339,300,321,509,493,472,452]} 1. e4 Nf6 {[%cal Bg8f6,Bf6d5,Bd5b6][%mdl 32]} 2. e5 Nd5 3. d4 d6 4. Nf3 g6 5. Bc4 Nb6 6. Bb3 Bg7 {LiveBook: 844 Partien} 7. Bf4 {B04: Aljechin-Verteidigung (Moderne Variante)} (7. a4 dxe5 8. a5 N6d7 9. dxe5 Nxe5 10. Qxd8+ Kxd8 11. Nxe5 Bxe5 12. Bxf7 e6 13. Bg5+ Kd7 14. Ra3 Rf8 15. Rf3 Nc6 16. Bxe6+ {½-½ (62) Hou,Y (2653)-Ding,L (2778) Danzhou 2016}) 7... O-O 8. Nc3 Bg4 $146 (8... c5 $15) ({Vorgänger:} 8... Nc6 9. Qe2 dxe5 10. dxe5 Bg4 11. Rd1 Qc8 12. Nd5 Qf5 13. Qe3 Rad8 14. O-O Bxf3 15. Qxf3 Nxd5 16. Bxd5 Nxe5 17. Bxe5 Qxf3 18. Bxf3 Bxe5 {½-½ (33) Gara,T (2291)-Mate,L (2314) Hungary 2005}) 9. h3 $14 {[%cal Bh2h3,Bh3h4,Bh4h5,Bh5h6][%mdl 32] Weiß steht etwas besser.} Bxf3 10. Qxf3 Nc6 11. O-O-O Na5 (11... Qc8 $14) 12. h4 $16 Nxb3+ 13. axb3 a5 {[#]} 14. h5 $1 $36 {[%mdl 2048] Weiss hat starke Initiative.} Qd7 15. g4 (15. Kb1 $16) 15... dxe5 (15... a4 $1 $11) 16. dxe5 $14 Qc6 17. Qxc6 bxc6 18. h6 Bh8 19. Rh3 Rfd8 (19... a4 $142) 20. Rhd3 $16 Rxd3 21. Rxd3 ({Jedoch nicht} 21. cxd3 $6 Nd5 $14) 21... Rc8 22. Bg3 f6 (22... Kf8 $142 23. f3 Ra8) 23. e6 $18 Na8 24. Ne2 f5 25. gxf5 gxf5 (25... Bf6 {war angesagt.} 26. Rd7 gxf5) 26. Bh4 Kf8 27. Rf3 {Precision: Weiß = 58%, Schwarz = 41%.} 1-0

[Event "2nd Irena Warakomska Memorial-A"]
[Site "Suwalki"]
[Date "2018.08.02"]
[Round "2"]
[White "Aleksandrov, Aleksej"]
[Black "Rahul, Srivatshav P"]
[Result "1/2-1/2"]
[WhiteElo "2585"]
[BlackElo "2388"]
[Annotator "TA"]
[PlyCount "56"]
[EventDate "2018.08.01"]
[EventType "swiss"]
[EventCountry "POL"]
[SourceTitle "playchess.com"]
[Source "ChessBase"]
[SourceQuality "1"]

{[%evp 15,56,12,8,8,0,0,4,6,11,0,0,0,0,0,0,6,17,0,14,0,9,0,0,0,0,0,0,-25,-6,-51,-19,-30,-35,-31,-33,-31,-35,-29,-35,-33,-37,-34,0]} 1. d4 Nf6 2. Bg5 g6 3. Bxf6 exf6 4. e3 d5 5. c4 dxc4 6. Bxc4 Bd6 {D00: 1 d4 d5: Unusual lines} 7. Nc3 O-O 8. Nf3 c6 {LiveBook: 5 Games. The position is equal.} 9. a3 Nd7 10. O-O Qe7 $146 ({Predecessor:} 10... f5 11. b4 {0-1 (36) Andreikin,D (2743)-Grischuk,A (2747) ICC INT 2016}) 11. Re1 Nb6 12. Ba2 Be6 13. Bxe6 Qxe6 14. e4 Rad8 15. Qc2 Bb8 16. b4 Rfe8 17. h3 Qe7 18. Rab1 a6 {[%cal Ba7a6,Ba6a5][%mdl 32]} 19. a4 {[%cal Ba3a4,Ba4b5][%mdl 32]} Nc4 {White must now prevent ...Na3.} 20. Qb3 b5 21. g3 Ba7 22. Rbd1 a5 (22... Qe6 {looks sharper.} 23. Qa2 bxa4 24. Kg2 Kg7 25. d5 cxd5 26. exd5 Qb6) 23. axb5 Qxb4 24. Rb1 Bxd4 25. Nxd4 Rxd4 26. Qxb4 axb4 27. Rxb4 cxb5 28. Rxb5 Rd2 {Precision: White = 57%, Black = 54%.} 1/2-1/2

[Event "2nd Irena Warakomska Memorial-A"]
[Site "Suwalki"]
[Date "2018.08.02"]
[Round "2"]
[White "Stupak, Kirill"]
[Black "Marszalek, Maciej"]
[Result "1-0"]
[WhiteElo "2573"]
[BlackElo "2269"]
[Annotator "TA"]
[PlyCount "65"]
[EventDate "2018.08.01"]
[EventType "swiss"]
[EventCountry "POL"]
[SourceTitle "playchess.com"]
[Source "ChessBase"]
[SourceQuality "1"]

{[%evp 12,65,42,39,73,66,82,71,75,71,62,42,66,66,80,66,74,58,91,78,83,75,114,110,119,97,127,127,126,145,282,279,243,270,281,277,271,288,298,279,330,233,424,422,507,504,624,606,565,591,805,820,802,796,878,858]} 1. d4 Nf6 2. c4 g6 3. Nc3 Bg7 4. e4 d6 5. f3 O-O 6. Nge2 c5 7. d5 {LiveBook: 681 Games} Qa5 {E81: King's Indian: Sämisch: 6th move deviations (including 6 Be3 c6)} (7... a6 8. a4 e6 9. Ng3 exd5 10. cxd5 h5 11. Be2 Nbd7 12. Bg5 Qb6 13. Qc1 Re8 14. a5 Qc7 15. Bh6 Bh8 16. Nf1 b5 17. axb6 Nxb6 18. Ne3 c4 19. O-O Bd7 {1-0 (32) Korobov,A (2678)-Abbasov,F (2531) Nakhchivan 2018}) 8. Ng3 $146 ({Predecessor:} 8. Bd2 Nbd7 9. Ng3 Ne8 10. Qc2 h5 11. Be2 h4 12. Nf1 a6 13. f4 Bd4 14. Nb5 Qb6 15. Nxd4 cxd4 {½-½ (54) Le Page,C (2358)-Zolochevsky,V (2362) ICCF email 2011}) 8... b5 9. cxb5 a6 {White is better.} 10. Bd2 axb5 11. Bxb5 Ba6 12. a4 Nbd7 {[%cal Bb8d7,Bd7e5,Be5c4][%mdl 32]} 13. O-O Rfb8 14. Nge2 Qd8 15. Bc6 Bb7 16. Nb5 Ne5 17. Bxb7 Rxb7 18. Bc3 $36 {[%mdl 2048] White is really pushing.} Nc4 {next ...Ne3 is good for Black.} 19. Qd3 Na5 20. Qc2 e6 (20... Qb6 $16 21. Kh1 Nd7 22. Bxg7 Kxg7) 21. dxe6 $18 fxe6 22. Rad1 Ne8 23. Bxg7 Rxg7 {[#]} 24. e5 $1 {[%mdl 512]} d5 (24... dxe5 25. Rxd8) 25. Qxc5 Rc8 26. Qe3 Qe7 $2 (26... Nc4 27. Qc3 Ncd6) 27. b3 {White is clearly winning.} Qb4 28. Ned4 Re7 29. Rc1 Rxc1 30. Rxc1 Kg7 31. Qc3 Qxc3 32. Rxc3 g5 33. Rc8 {Precision: White = 86%, Black = 29%.} 1-0

[Event "2nd Irena Warakomska Memorial-A"]
[Site "Suwalki"]
[Date "2018.08.02"]
[Round "2"]
[White "Fedorov, Alexei"]
[Black "Paszewski, Mateusz"]
[Result "1-0"]
[WhiteElo "2561"]
[BlackElo "2274"]
[Annotator "TA"]
[PlyCount "83"]
[EventDate "2018.08.01"]
[EventType "swiss"]
[EventCountry "POL"]
[SourceTitle "playchess.com"]
[Source "ChessBase"]
[SourceQuality "1"]

{[%evp 11,83,0,0,0,4,0,0,2,2,2,35,29,25,26,30,30,38,37,47,64,66,10,48,14,22,14,14,12,16,12,93,96,79,51,151,156,158,164,162,160,168,175,170,33,34,12,155,155,155,155,163,76,87,88,158,154,246,244,254,257,459,459,350,359,343,350,350,337,466,453,557,537,799,791]} 1. e4 c5 2. Nc3 Nc6 3. Bb5 Nd4 4. Bc4 a6 (4... e6 5. Nge2 Ne7 6. Nxd4 cxd4 7. Ne2 Nc6 8. O-O a6 9. d3 d5 10. exd5 exd5 11. Bb3 Bd6 12. Nf4 Bxf4 13. Bxf4 O-O 14. Qf3 Be6 15. Rfe1 {1-0 (58) Cornette,M (2611)-Lenic,L (2662) chess.com INT 2018}) 5. Nge2 b5 6. Bd5 {B23: Sizilianisch (Geschlossenes System)} Rb8 {LiveBook: 4 Partien} 7. a3 e6 8. Ba2 {Die Stellung ist ausgeglichen.} Ne7 $146 ({Vorgänger:} 8... Bb7 9. d3 Bd6 10. Nxd4 cxd4 11. Ne2 Qb6 12. O-O {1-0 (97) Savin,V (2326)-Sgherri,M (2324) ICCF email 2015}) 9. Nxd4 (9. O-O {with more complications.} Nxe2+ 10. Qxe2 Nc6 11. d3 Be7 12. f4) 9... cxd4 10. Ne2 Nc6 11. O-O Be7 12. d3 O-O 13. f4 {[%cal Bf2f4,Bf4f5][%mdl 32]} Kh8 14. f5 Bb7 15. Bf4 Rc8 16. Kh1 ({Lieber} 16. Ng3 $14) 16... g6 17. fxg6 fxg6 18. Qd2 Bf6 19. Ng1 Qe7 20. Nf3 e5 (20... a5 $11) 21. Bh6 $16 Bg7 22. Rf2 Rce8 (22... Bxh6 $14 23. Qxh6 Qg7) 23. Raf1 Nd8 24. Bg5 Bf6 25. h4 Bxg5 26. Nxg5 Rxf2 27. Qxf2 ({Weiss braucht} 27. Rxf2 $18 {Droht Kg1 und aus.} Kg7 28. h5) 27... Kg7 $1 $14 28. Qg3 {h5! ist eine echte Drohung.} Rf8 (28... h6 $1 $11 {hält das Gleichgewicht.} 29. Nf3 Rf8) 29. Rxf8 $16 Kxf8 30. h5 $1 d6 31. hxg6 $40 {[%mdl 128] Schwarz ist in Schwierigkeiten.} (31. Qh4 $1 $18 {und Weiss behält klar die Oberhand. Droht stark hxg6.} Ke8 32. hxg6 hxg6 33. Qh6) 31... hxg6 32. Qh4 {[%cal Rh4h8]} Ke8 {[#]} (32... Qg7 $142) 33. Qh6 $1 Qf6 (33... Kd7 $16 34. Qxg6 Kc7) 34. Kg1 $18 Bc8 {[#]} 35. Nh7 $1 {[%cal Rh7f6]} Qf4 $2 (35... Qe7 {war angesagt.} 36. Qxg6+ Kd7 37. Nf6+ Kc6) 36. Qxg6+ Kd7 37. Qf5+ ({Nicht} 37. Nf6+ Kc6 $18) 37... Kc7 38. Qxf4 exf4 39. Nf6 Be6 40. Bd5 {Weiß steht klar auf Gewinn.} a5 41. Kf2 Kb6 42. Kf3 {Precision: Weiß = 72%, Schwarz = 50%.} 1-0

[Event "2nd Irena Warakomska Memorial-A"]
[Site "Suwalki"]
[Date "2018.08.02"]
[Round "2"]
[White "Bernadskiy, Vitaliy"]
[Black "Kosakowski, Jakub"]
[Result "0-1"]
[WhiteElo "2544"]
[BlackElo "2361"]
[Annotator "TA"]
[PlyCount "62"]
[EventDate "2018.08.01"]
[EventType "swiss"]
[EventCountry "POL"]
[SourceTitle "playchess.com"]
[Source "ChessBase"]
[SourceQuality "1"]

{[%evp 22,62,3,-18,-27,-23,1,2,7,-20,0,9,4,0,44,-10,0,0,0,0,11,9,10,-33,0,0,20,-35,-16,-58,-60,-97,-99,-522,-514,-565,-554,-681,-677,-29996,-29997,-29998,-29999]} 1. d4 Nf6 2. c4 g6 3. Nc3 d5 4. cxd5 Nxd5 5. e4 Nxc3 6. bxc3 Bg7 7. Bc4 c5 8. Ne2 Nc6 9. Be3 O-O 10. Rc1 Na5 11. Bd3 {D87: Exchange Grünfeld: Classical Line: Variations without ...cxd4} b6 12. h4 {LiveBook: 5 Games} e5 {[%cal Re5d4,Be7e5,Be5e4,Be4e3,Be3f2][%mdl 32]} (12... h5 13. Qd2 e5 14. Bg5 Qc7 15. Bh6 Rd8 16. Bxg7 Kxg7 17. d5 c4 18. Bc2 {1-0 (46) Morozevich,A (2770)-Le,Q (2693) Astana 2012}) 13. Bg5 {Black has an edge.} f6 14. Be3 f5 15. Bg5 $146 ({Predecessor:} 15. dxe5 Bxe5 16. Bh6 Bg7 17. Bxg7 Kxg7 18. h5 Qg5 19. hxg6 hxg6 20. exf5 Bxf5 21. Bxf5 Qxf5 {0-1 (32) Prasanna Raghuram,R (2466)-Safarli,E (2641) Porticcio 2017}) 15... Qe8 {[%cal Re5d4]} 16. exf5 e4 17. Bc2 Bxf5 18. dxc5 (18. O-O $14) 18... h6 19. cxb6 hxg5 20. Qd5+ Qf7 21. Qxa5 {Bb3 is the strong threat.} e3 22. Bxf5 exf2+ 23. Kf1 $1 axb6 24. Qxb6 (24. Bxg6 $1 $11 Rxa5 25. Bxf7+ Rxf7 26. hxg5) 24... Qxf5 25. Qb3+ Rf7 $1 {Threatens to win with ...Re8.} 26. hxg5 Re8 $36 {[%mdl 2048] And now ...Rxe2! would win. Black is in control.} ({But not} 26... Qxg5 $6 27. Rh3 $11) 27. Rd1 $2 {[%mdl 8192]} (27. Qb2 $17) 27... Qe4 $1 $19 {[%csl Ge8][%cal Re4e2]} 28. Rd2 {[#]} Bxc3 $1 {[%mdl 512]} 29. Rc2 {[#]} (29. Qxc3 Qb1+) 29... Qd3 $1 {[%cal Rd3d1]} 30. Qb1 {[#] intending Rh3.} Rxe2 $1 {[%csl Gd3][%cal Re2c2][%mdl 512]} 31. Qb8+ (31. Rxe2 Qxb1+) 31... Re8+ {Precision: White = 30%, Black = 64%.} 0-1

[Event "2nd Irena Warakomska Memorial-A"]
[Site "Suwalki"]
[Date "2018.08.02"]
[Round "2"]
[White "Shtembuliak, Evgeny"]
[Black "Schippers, Maurice"]
[Result "1-0"]
[WhiteElo "2518"]
[BlackElo "2303"]
[Annotator "TA"]
[PlyCount "55"]
[EventDate "2018.08.01"]
[EventType "swiss"]
[EventCountry "POL"]
[SourceTitle "playchess.com"]
[Source "ChessBase"]
[SourceQuality "1"]

{[%evp 14,55,43,9,74,60,100,100,100,94,132,118,154,125,167,169,167,122,137,145,445,457,409,450,450,438,410,403,406,401,388,393,390,379,384,340,636,627,5900,5685,29989,29990,29996,29997]} 1. d4 Nf6 2. Nf3 c5 3. d5 d6 4. Nc3 g6 5. e4 Bg7 6. Bb5+ Bd7 7. a4 O-O 8. Nd2 {LiveBook: 14 Partien. A43: Alt-Benoni} (8. O-O Bg4 9. Re1 Na6 10. h3 Bxf3 11. Qxf3 Nc7 12. Bf1 a6 13. Bd2 Nd7 14. a5 e6 15. Na4 Nb5 16. c3 Re8 17. dxe6 fxe6 18. Qd1 Qc7 19. Qb3 Qc6 20. Bc4 {1-0 (52) Bosiocic,M (2597)-Kislinsky,A (2516) Tsaghkadzor 2017}) 8... a6 (8... Bxb5 $11 {hält das Gleichgewicht.} 9. axb5 Nbd7) 9. Be2 e6 10. O-O {Weiß steht besser.} exd5 11. exd5 Re8 12. Nc4 Bf5 13. Bf3 $146 ({Vorgänger:} 13. a5 Qe7 14. Bd3 Bxd3 15. Qxd3 Nbd7 16. Bf4 Ne5 17. Bxe5 dxe5 {1-0 (31) Severino,S (2364)-Nouri,A (1894) Bangkok 2017}) 13... b6 14. Bf4 Bf8 15. h3 Ra7 16. Qd2 Ne4 $2 {[%mdl 8192] [#]} (16... Rb7 $16 17. g4 Bc8) 17. Bxe4 $18 Bxe4 18. Rfe1 Bf5 19. Rxe8 Qxe8 20. Nxd6 Bxd6 21. Bxd6 Qd8 22. Bxb8 Qxb8 23. g4 Bd7 24. Re1 b5 $2 {[#]} (24... Qf8 25. b3 a5) 25. Ne4 bxa4 26. Nf6+ Kg7 27. Qc3 $1 {[%csl LRc5,LRd7]} Qb4 28. Ne8+ {Precision: Weiß = 74%, Schwarz =  8%.} 1-0